000
003190000a22001450004500
020
_a
968-13-1619-3
041
0
_a
SPA
082
0
4
_a
G 866 A432c
100
1
_a
Allende, Isabel (1942-)
245
1
0
_a
Cuentos de Eva Luna / Isabel Allende
260
_a
México : Diana
300
_a
276 Pag
001
11193
942
_c
BK
999
_c
40559
_d
40559